Learning disabilities in India: Willing the mind to learn (Record no. 1386686)

MARC details
000 -LEADER
fixed length control field 00666nam a2200229Ia 4500
005 - DATE AND TIME OF LATEST TRANSACTION
control field 20250508164031.0
008 - FIXED-LENGTH DATA ELEMENTS--GENERAL INFORMATION
fixed length control field 008 250505s9999 xx 000 0 eng d
020 ## - INTERNATIONAL STANDARD BOOK NUMBER
International Standard Book Number 0-7619-9677-X
037 ## - SOURCE OF ACQUISITION
Stock number Textual
040 ## - CATALOGING SOURCE
Original cataloging agency FEDL
Language of cataloging eng
Transcribing agency FEDL
041 ## - LANGUAGE CODE
Language code of text/sound track or separate title eng
Source of code eng
084 ## - COLON CLASSIFICATION NUMBER
Classification number 371.9, KAR
Assigning agency FEDL
100 ## - MAIN ENTRY--PERSONAL NAME
Personal name Karanth Prathibha Ed.
9 (RLIN) 400623
245 #0 - TITLE STATEMENT
Title Learning disabilities in India: Willing the mind to learn
260 ## - PUBLICATION, DISTRIBUTION, ETC.
Place of publication, distribution, etc. New Delhi, India
Name of publisher, distributor, etc. Sage Publications
Date of publication, distribution, etc. 2008
300 ## - PHYSICAL DESCRIPTION
Extent 183p
365 ## - TRADE PRICE
Price type code INR
Price amount 350
650 ## - SUBJECT ADDED ENTRY--TOPICAL TERM
Topical term or geographic name entry element Special education
700 ## - ADDED ENTRY--PERSONAL NAME
Personal name Rozario Joe Ed.
9 (RLIN) 777127
942 ## - ADDED ENTRY ELEMENTS (KOHA)
Koha item type Textual
Classification part 371.9, KAR
Holdings
Withdrawn status Lost status Damaged status Not for loan Home library Current library Date acquired Cost, normal purchase price Total Checkouts Full call number Barcode Date last seen Price effective from Koha item type
        Department of Education Library Department of Education Library 2025-05-08 350.00   371.9, KAR EL0080292 2025-05-08 2025-05-08 Textual
Copyright @ Delhi University Library System